<?xml version="1.0" encoding="UTF-8"?>
<collection xmlns="http://www.loc.gov/MARC21/slim">
 <record>
  <leader>00452nam a22001575a 4500</leader>
  <controlfield tag="001">EHU.bham015458</controlfield>
  <controlfield tag="003">AR-BHAM</controlfield>
  <controlfield tag="005">20100412194739.0</controlfield>
  <controlfield tag="008">130507s1957##################000#0#####d</controlfield>
  <datafield tag="082" ind1="7" ind2="0">
   <subfield code="a">701</subfield>
  </datafield>
  <datafield tag="100" ind1="1" ind2=" ">
   <subfield code="a">Assunto, Rosario</subfield>
  </datafield>
  <datafield tag="245" ind1="1" ind2="0">
   <subfield code="a">Forma e destino /</subfield>
   <subfield code="c">Rosario Assunto</subfield>
  </datafield>
  <datafield tag="260" ind1=" " ind2=" ">
   <subfield code="a">Milano :</subfield>
   <subfield code="b">Edizioni Di Comunita,</subfield>
   <subfield code="c">1957</subfield>
  </datafield>
  <datafield tag="300" ind1=" " ind2=" ">
   <subfield code="a">180p.</subfield>
  </datafield>
  <datafield tag="653" ind1=" " ind2=" ">
   <subfield code="a">Arte-filosofia del</subfield>
  </datafield>
  <datafield tag="859" ind1=" " ind2=" ">
   <subfield code="a">AR-BHAM</subfield>
   <subfield code="b">BIB. HUMANIDADES - CONICET</subfield>
   <subfield code="h">701</subfield>
   <subfield code="i">As79</subfield>
   <subfield code="p">227.59</subfield>
   <subfield code="t">Ej.1</subfield>
   <subfield code="v">CN6</subfield>
  </datafield>
 </record>
</collection>
